Das Nationalitätenproblem der Habsburgermonarchie : Geschichte und Ideengehalt der nationalen Bestrebungen vom Vormärz bis zur Auflösung des Reiches im Jahre 1918. Erster Band, das Reich und die Völker /

Hlavní autor: Kann, Robert A., 1906-1981
Jazyk: Němčina
Vydáno: Graz : Böhlau, 1964
Vydání: 2. erweiterte Auflage
Témata:
Fyzický popis: 472 s.
Knihy
Uloženo v:
LEADER 00964nam a2200289 4500
001 000979631
003 CZ BrMZK
005 20260512132309.0
007 ta
008 010907s1964 au er ger
040 |a BOA001  |b cze 
080 9 |a 93/94  |2 MRF 
100 1 |a Kann, Robert A.,  |d 1906-1981  |7 jx20041115002  |4 aut 
245 1 4 |a Das Nationalitätenproblem der Habsburgermonarchie :  |b Geschichte und Ideengehalt der nationalen Bestrebungen vom Vormärz bis zur Auflösung des Reiches im Jahre 1918.  |n Erster Band,  |p das Reich und die Völker /  |c Robert A. Kann 
246 3 0 |a Reich und die Völker 
250 |a 2. erweiterte Auflage 
260 |a Graz :  |b Böhlau,  |c 1964 
300 |a 472 s. 
650 0 7 |a dějiny  |7 ph114390  |2 czenas 
653 |a dějiny 
653 |a habsburská monarchie 
653 |a národnosti 
653 |a politika 
653 |a rakouské dějiny 
910 |a BOA001  |b RK-0003.026 
990 |a BK 
991 |b 201004  |s SKRYTO odpis  |z 000000254  |x 33